000 01104cam a2200325 a 4500
003 CHAP
005 20220329142920.0
008 050218d2001 mx r 10100 spa d
010 _a89617
011 _a90589
035 _a101145
040 _cCHAP
082 0 4 _a599.0042
_bP7
111 0 0 _aPronghorn Antelope Workshop
_n(19 :
_d2000 :
_cLa Paz Baja California Sur, México)
_992409
245 1 0 _aProceedings
_c/ed. by Jorge Cancino
260 _aLa Paz, Baja California Sur, Méx. :
_bCentro de Investigaciones Biológicas del Noroeste, S. C.,
_c2001.
300 _a131 p.
590 _aBATCH-UPD
_b10
_c20130110
_lUCH01
_h0833
590 _aBATCH-UPD
_b10
_c20130410
_lUCH01
_h0511
590 _aBATCH-UPD
_b10
_c20130914
_lUCH01
_h0610
590 _aBATCH-UPD
_b10
_c20130914
_lUCH01
_h2138
590 _aCONVERSION
_b10
_c20130109
_lUCH01
_h1350
650 1 4 _aBerrendo.
_911970
650 1 4 _aVida silvestre
_xConservación.
_9119166
700 0 _aCancino, Jorge.
_918311
901 _aBK
905 _aLilia
942 _cLIBRO
949 _a599.0042 P4
_bBC
_cCONG
_d33724000933081
_eCONG
_h105059
_i101145
_sb
999 _c89617
_d89617